MARC

LEADER 00000nam0a2200000 4500
001 348823
005 20231102010138.0
035 |a (RuTPU)RU\TPU\retro\649 
090 |a 348823 
100 |a 20180316d1960 km y0rusy50 ca 
101 0 |a rus 
102 |a RU 
105 |a a z 001zy 
200 1 |a Зависимость структуры и свойств асфальтобетона от дозирования компонентов  |f Н. М. Авласова, Н. В. Горелышев  |g СОЮЗДОРНИИ Минтрансстроя СССР 
210 |a Москва  |c Автотрансиздат  |d 1960 
215 |a 34 с.  |c ил. 
606 1 |a Асфальтобетон  |x Физико-механические свойства  |2 stltpush  |3 (RuTPU)RU\TPU\subj\29594 
610 1 |a структура 
610 1 |a свойства 
610 1 |a опытное производство 
610 1 |a строительство 
610 1 |a лабораторные данные 
610 1 |a эксперименты 
610 1 |a гранулометрия 
610 1 |a смеси 
610 1 |a песок 
610 1 |a методики 
675 |a 625.8  |v 4 
700 1 |a Авласова  |b Н. М.  |g Наталья Михайловна 
701 1 |a Горелышев  |b Н. В.  |g Николай Васильевич 
712 0 2 |a Государственный всесоюзный дорожный научно-исследовательский институт  |c (Москва)  |c (1953-1992)  |2 stltpush  |3 (RuTPU)RU\TPU\col\13606  |9 25719 
801 1 |a RU  |b 63413507  |c 20180316 
801 2 |a RU  |b 63413507  |c 20191223  |g RCR 
942 |c BK